000
00316nam a22001457a 4500
008
221006b ||||| |||| 00| 0 eng d
020
_a
0721676480
041
_a
eng
080
_a
610.73
082
_a
610.73 CAS
100
_a
5
101
_a
INF
245
_a
STRATEGIES TECHNIQUES
_c
CASTILLO
942
_2
udc
_c
BK
999
_c
58385
_d
58385